| 000 | 01067nam2a22002891 4500 | ||
|---|---|---|---|
| 001 | v19\rc\1331062 | ||
| 005 | 20250618065747.0 | ||
| 035 | _a(NLR Aleph) 004482198 | ||
| 090 |
_a4610700 _c4610700 |
||
| 100 | _a20060512d1843 |||y0rusy50 ca | ||
| 101 | 0 | _arus | |
| 102 | _aRU | ||
| 105 | _ay z ||||| | ||
| 200 | 1 | _a[1841-1843 года] | |
| 210 |
_d[1843] _aБ. м. |
||
| 215 | _a122 с. | ||
| 461 | 0 |
_1001v19\rc\1331054$90 _12001#$aОтчет о состоянии и деятельности Имп. Университета св. Владимира... _94610664 _aУниверситет св. Владимира (Киев) _cКиев _d1840-1915 _tОтчет о состоянии и деятельности Имп. Университета св. Владимира... |
|
| 801 | 0 |
_aRU _bNLR _gpsbo |
|
| 801 | 0 |
_aRU _bRuMoRGB _2psbo |
|
| 801 | 1 |
_aRU _bProSoft-M _2rusmarc |
|
| 852 |
_aNLR _j18.54.3.80 |
||
| 899 |
_aRuMoRGB (1834-1913*) _jF 18/95 |
||
| 899 |
_aRuMoRGB (1834-1913*) _jU 420/69 |
||
| 899 | _aБАН | ||
| 899 | _aГПИБ | ||
| 942 | _cBOOK | ||
| 980 | _aNB | ||